00246nam a2200085Ia 4500082002200000100003800022245007000060260002100130300000900151 aRR 016.309262 DEV aRajasthan Development Association 0aDevelopment and planning literature on Rajasthan : A bibliography an.p.bn.p.c1979 a91p.